000 02302cam a2200301 i 4500
003 SA-RiAUC
005 20260220142332.0
008 250806s1990 ua g 000 0 ara c
040 _aSA-JeALM
_bara
_cSA-RiAUC
_erda
082 0 4 _a214.5
090 _aم ن 214.5
_b ا ب ن ر
100 1 _aابن رجب، عبد الرحمن بن أحمد بن رجب،
_d736-795 هجري
_eمؤلف.
245 1 0 _aفضل علم السلف على الخلف /
_cعبد الرحمن بن أحمد بن رجب الحنبلي
246 3 0 _aعلم السلف على الخلف
264 1 _aالقاهرة :
_bمطبعة الشرق،
300 _a57 صفحة ؛
_c29 سم
336 _aنص
_btxt
_2rdacontent
_3كتاب
337 _aبدون وسيط
_bn
_2rdamedia
338 _aمجلد
_bnc
_2rdacarrier
650 7 _aالإسلام والعلوم
_2aucsh
650 7 _aالدعوة الإسلامية
_2aucsh
700 1 _aالقاضي، محمد عبد الحكيم
_eمحقق.
856 _uhttp://www.alwaraq.net/Core/AlwaraqSrv/bookpage?book=1043&option=1&fkey=2&page=1
_yDigital Copy
_2 نرجو الانتباه لإمكانية وجود اختلاف في الطبعة أو الناشر بين البيانات على البوابة وما ستجده على الكتاب نظرا لمحدودية المعلومات المتاحة على الموقع الناشر للمادة.
_3Please note that there may be a difference in the edition or publisher between the data on the portal and the book due to the limited information available on the publisher website for the material.
856 _uhttp://www.alwaraq.net/Core/waraq/coverpage?bookid=1043&option=1
_yExternal Link
_2 نرجو الانتباه لإمكانية وجود اختلاف في الطبعة أو الناشر بين البيانات على البوابة وما ستجده على الكتاب نظرا لمحدودية المعلومات المتاحة على الموقع الناشر للمادة.
_3Please note that there may be a difference in the edition or publisher between the data on the portal and the book due to the limited information available on the publisher website for the material.
942 _2ddc
_cRBOOK COPY
_n0
949 _aSA-JeALM
_d250806
_umohamedma123
_n1
999 _c14419
_d14419